000 00744nam a2200253Ia 4500
003 OSt
005 20221005034131.0
006 a|||||r|||| 00| 0
007 ta
008 221004b |||||||| |||| 00| 0 urd d
020 _cINR 260.00
024 _a36861
037 _b5140, 31/01/2018, Kitabi Duniya
_cTextual
040 _aCRL
_cCRL
_burd
041 _2urd
_aurd
082 _aO168,3N42x, Q7
100 _aMashhadi Zakia Au.
_9586767
245 0 _aAankhon dekhi
260 _aDelhi
_bEducational publishing house India
_c2017
300 _a224p.
_ccm.
650 _aURDU FICTION
_93298
942 _hO168,3N42x, Q7
_cTEXL
_2cc
999 _c942753
_d942753